Journeys : on course

Journeys is a course for pre-inetrmediate to intermediate students of english

Đã lưu trong:
Sonraí Bibleagrafaíochta
Príomhúdar: Axbey, Susan
Formáid: Leabhar
Teanga:Undetermined
Foilsithe: London Longman 2000
Ábhair:
Clibeanna: Cuir Clib Leis
Gan Chlibeanna, Bí ar an gcéad duine leis an taifead seo a chlibeáil!
Thư viện lưu trữ: Trung tâm Học liệu Trường Đại học Cần Thơ
LEADER 00639nam a2200217Ia 4500
001 CTU_141171
008 210402s9999 xx 000 0 und d
082 |a 428 
082 |b A968j 
100 |a Axbey, Susan 
245 0 |a Journeys : 
245 0 |b on course 
245 0 |c Susan Axbey 
260 |a London 
260 |b Longman 
260 |c 2000 
520 |a Journeys is a course for pre-inetrmediate to intermediate students of english 
650 |a Discoveries in geography,English language,Khám phá địa lý 
650 |x Study and teaching 
904 |i Năm 
980 |a Trung tâm Học liệu Trường Đại học Cần Thơ